000 00382nam a22001457a 4500
020 _a9780131388857
050 _aHB 172
_b.C36 2012
100 _aCase, E. Karl
245 _aPrinciples of Microeconomics/
_cKarl E. Case, Ray C. Fair, Sharon M. Oster;
250 _a10th.
300 _a471 p. :
650 _bFair,ray
_vOster, Sharo M.
700 _aFair C. Ray
942 _2lcc
_cGEN
999 _c10699
_d10699